Lucille Ball Quiz - Statistics

General Stats
  • This quiz has been taken 51 times
  • The average score is 7 of 20
Answer Stats
Question Answer % Correct
TV show that made her famous I Love Lucy
97%
Her natural hair color Brown
79%
Former spouse Desi Arnaz
73%
Daughter Lucie
58%
TV show co-starring Vivian Vance The Lucy Show
58%
City of birth Jamestown
55%
Number of Primetime Emmy Awards that she won 4
48%
Middle name Désirée
30%
Brother Fred Ball
27%
Her last TV show before death Life With Lucy
24%
1968 movie Yours, Mine and Ours
24%
Year that she began coloring her hair red 1942
21%
She worked as a fashion model for this person Hattie Carnegie
15%
City of death Beverly Hills
12%
Complete the quote: I'm not funny, what I am is ____ Brave
12%
1956 movie Forever, Darling
12%
1942 movie The Big Street
3%
TV show she was featured in in 1954 What's My Line?
3%
How much she earned per I Love Lucy episode $3,500
0%
Place she was fired from because she forgot to put the bananas in a banana split Ice Cream Store
0%
No matching quizzes found
Score Distribution
Percent of People with Each Score
Percentile by Number Answered
Your Score History
You have not taken this quiz